Love Actually - Cast Quiz Stats

 Plays Quiz not verified by Sporcle

Challenge
Share
Tweet
Embed
Score 0/30 Timer 08:00
1 Play Today
% Correct
Hugh Grant
97.3%
Bill Nighy
92.9%
Colin Firth
90.2%
Liam Neeson
89.5%
Alan Rickman
89.3%
Emma Thompson
89.1%
Keira Knightley
87.1%
Rowan Atkinson
85.7%
Billy Bob Thornton
85.5%
Martine McCutcheon
80.4%
Claudia Schiffer
79.5%
Thomas Brodie-Sangster
76.2%
Laura Linney
73.3%
Anthony (Ant) McPartlin
72.2%
Chiwetel Ejiofor
70.8%
% Correct
Declan (Dec) Donnelly
69.9%
Andrew Lincoln
69.7%
Michael (Parky) Parkinson
67.5%
Rodrigo Santoro
65.5%
Kris Marshall
61.2%
Lucia Moniz
59.2%
Joanna Page
55.9%
Gregor Fisher
55.7%
January Jones
51.7%
Denise Richards
50.8%
Olivia Olson
47.9%
Heike Makatsch
38.8%
Shannon Elizabeth
37.9%
Elisha Cuthbert
34.5%
Ivana Milicevic
20.9%

You're not logged in!

Compare scores with friends on all Sporcle quizzes.
OR
Log In

You Might Also Like...

Show Comments

Extras

Top Quizzes Today


Score Distribution

Your Account Isn't Verified!

In order to create a playlist on Sporcle, you need to verify the email address you used during registration. Go to your Sporcle Settings to finish the process.

Report this User

Report this user for behavior that violates our Community Guidelines.

Details: